[Event "Budapest Spring Festival 2018"]
[Site "Budapest"]
[Date "2018.04.24"]
[Round "7"]
[White "Nguyen, Piotr"]
[Black "Marszalek, Maciej"]
[Result "1/2-1/2"]
[WhiteElo "2415"]
[BlackElo "2289"]
[Annotator "TA"]
[PlyCount "205"]
[EventDate "2018.??.??"]
[EventType "swiss"]
[EventCountry "HUN"]
[SourceTitle "playchess.com"]
[Source "ChessBase"]
[SourceQuality "1"]

{[%evp 17,205,26,42,38,48,40,75,47,46,29,76,61,94,20,23,18,14,14,35,20,25,-18,-5,-3,-4,-72,-55,-63,-53,-53,-49,-81,-93,-84,-74,-112,-106,-111,-97,-97,-90,-133,-89,-132,-130,-121,-116,-118,-96,-113,-113,-109,-113,-90,-14,-20,-20,-20,-24,-70,-70,-135,-140,-133,-111,-151,-144,-162,-70,-70,-70,-70,-70,-70,-70,-70,-70,-70,-70,-70,-70,-70,-70,-70,-70,-70,-70,-70,-70,-70,-70,-70,-70,-70,-70,-70,0,-70,-70,-70,0,-70,-70,-70,-70,-70,-70,-70,-70,-70,0,0,0,0,0,0,0,0,0,0,0,0,0,0,0,0,0,0,0,0,0,0,0,0,0,0,0,0,0,0,0,0,0,0,0,0,0,0,0,0,0,0,0,0,0,0,0,0,0,0,0,0,0,0,0,0,0,0,0,0,0,0,0,0,0,0,0,0,0,0,0,0,0,0,0,0,0,0,0,0]} 1. e4 d6 2. d4 Nf6 3. Nc3 g6 4. Nf3 Bg7 5. h3 O-O 6. Be3 c6 7. a4 Nbd7 8. Be2 e5 {B08: Pirc Defence: Classical System} (8... a5 9. O-O Qc7 10. Nd2 b6 11. Re1 Bb7 12. Bf1 e6 13. Qc1 Rad8 14. Nc4 Rfe8 15. Bf4 e5 16. dxe5 dxe5 17. Be3 {1-0 (31) Grigoriants,S (2561)-Yu,Y (2751) Riadh 2017}) 9. dxe5 Nxe5 {LiveBook: 4 Games} 10. Qd2 Nxf3+ {White is slightly better.} 11. Bxf3 Be6 12. O-O Nd7 $146 ({Predecessor:} 12... d5 13. exd5 Nxd5 14. Nxd5 Bxd5 15. Bxd5 Qxd5 16. Qxd5 cxd5 {1-0 (36) Felsberger,A (2375)-Roth,P (2285) Austria 1997}) 13. Rfd1 Qa5 14. Be2 Rfd8 15. Bg5 (15. Qxd6 $16 Be5 16. Qe7) 15... Re8 $11 16. Bh6 Bxh6 17. Qxh6 Qb4 18. Qd2 Rad8 19. Qd4 a5 $1 20. b3 Nc5 21. Bf3 (21. Qe3 $11) 21... Qxd4 22. Rxd4 Bxb3 23. cxb3 Nxb3 24. Rad1 Nxd4 25. Rxd4 Re5 26. Be2 Rc5 27. Rc4 Rxc4 28. Bxc4 Kg7 29. f3 f5 30. Kf2 fxe4 31. fxe4 Re8 32. Ke3 h5 33. Bd3 Re5 34. h4 Kf6 35. g3 d5 (35... g5 $17 36. Kd4 Rc5) 36. Kf4 g5+ 37. hxg5+ Rxg5 {White must now prevent ...Rg4+.} 38. exd5 cxd5 39. Bb5 ({Better is} 39. Kf3 $15) 39... Rg4+ $17 40. Kf3 {[#]} Ke5 $1 41. Be8 Rb4 42. Ne2 {[#]} h4 (42... Rb3+ $1 $19 43. Kf2 d4) 43. gxh4 $15 Rxh4 44. Ke3 Kd6 45. Kd3 Kc5 46. Bb5 Rh3+ 47. Kc2 b6 48. Nf4 Rh4 (48... Rh2+ {looks sharper.} 49. Kd3 Rh6 50. Ne2 Rh3+ 51. Kd2 Ra3) 49. Ne2 Kd6 50. Kc3 Ke5 51. Kd2 Rh3 52. Bd3 Rf3 53. Kc3 Rf1 54. Bb5 Ra1 55. Kb2 Re1 56. Kc3 Ke4 (56... Rd1 $15) 57. Kd2 (57. Bd3+ $1 $11 Ke5 58. Nd4) 57... Ra1 58. Bd3+ Kf3 ({Black should try} 58... Ke5 $15 59. Bb5 Ra3) 59. Nd4+ ({White should play} 59. Bc2 $11) 59... Kf4 60. Ne2+ Ke5 61. Bb5 Kd6 62. Nc1 Ra3 63. Nd3 d4 (63... Ke6 $15) 64. Nc1 $11 {The position is equal.} Kd5 65. Be8 Rh3 66. Bb5 Rh1 (66... d3 $5) 67. Ba6 Rh2+ (67... Kc5 {is more complex.} 68. Nd3+ Kd6 69. Kc2 Rh4 70. Kb3 Kc6) 68. Ne2 Kc5 69. Bb5 $1 Rh3 (69... d3 $5 70. Kxd3 Rh4 $11) 70. Nf4 Rc3 71. Nd3+ Kd5 72. Nf4+ Ke4 73. Nd3 Ra3 74. Bc6+ Kf5 75. Bd7+ Kf6 76. Nc1 Ke5 77. Bc6 Rh3 78. Bd7 Rh2+ 79. Kd3 Rh7 80. Be8 Kd5 81. Bb5 Rh2 82. Bd7 Rh1 83. Kd2 Kc5 84. Nd3+ Kd6 85. Be8 Rh2+ 86. Ke1 Kd5 87. Bf7+ Ke4 88. Nf2+ Kf4 {Strongly threatening ...d3!} 89. Bc4 Rg2 90. Kf1 Rg3 {aiming for ...Ke3.} 91. Ke2 Ra3 92. Nd3+ $1 Ke4 93. Nf2+ Ke5 (93... Kf5 $5 {[%cal Ra3a4]} 94. Bb5 Rg3 $17) 94. Nd3+ Kd6 95. Bb5 $1 Kd5 96. Nc1 Rh3 97. Kd2 Rh2+ 98. Kd3 Kc5 99. Nb3+ Kd5 100. Nc1 Rh3+ 101. Kd2 Rh2+ 102. Kd3 Rh3+ 103. Kd2 {Precision: White = 69%, Black = 60%.} 1/2-1/2

[Event "Budapest Spring Festival 2018"]
[Site "Budapest"]
[Date "2018.04.24"]
[Round "7"]
[White "Yankelevich, Lev"]
[Black "Reshef, Omer"]
[Result "1/2-1/2"]
[WhiteElo "2411"]
[BlackElo "2482"]
[Annotator "TA"]
[PlyCount "89"]
[EventDate "2018.??.??"]
[EventType "swiss"]
[EventCountry "HUN"]
[SourceTitle "playchess.com"]
[Source "ChessBase"]
[SourceQuality "1"]

{[%evp 22,89,41,27,42,31,46,34,34,36,38,47,55,58,62,58,44,0,15,-15,-15,-12,-11,-18,-11,-18,-6,-20,-6,-12,-6,-18,-23,-18,-22,-24,-6,-6,-6,-28,-22,-45,-16,-21,-11,-94,-50,-44,-24,-13,-18,-18,-8,-15,-15,-12,-8,-3,0,-3,0,0,0,0,0,0,0,0,0,0]} 1. d4 d5 2. c4 c6 3. cxd5 cxd5 4. Nc3 Nf6 5. Bf4 Nc6 6. Nf3 Bf5 7. e3 e6 8. Qb3 Bb4 9. Ne5 {D14: Slav Defence: Exchange variation with ...Bf5} Qb6 10. Nxc6 bxc6 11. Be2 O-O 12. O-O {LiveBook: 4 Games} Bxc3 13. Qxc3 g5 {[#]} 14. Be5 $146 ({Predecessor:} 14. Bg3 Ne4 15. Qa3 a5 16. Rfc1 Nxg3 17. hxg3 {½-½ (32) Nguyen,N (2635)-Bu,X (2662) Mashhad 2011}) 14... Ne4 15. Qa3 {Hoping for f3.} f6 16. Bg3 c5 17. dxc5 Qxc5 18. Qxc5 Nxc5 19. Bd6 Rfc8 20. Rfc1 Nd3 21. Bxd3 Bxd3 22. f3 Kf7 23. Kf2 e5 24. Ke1 Ke6 25. Ba3 h5 26. Kd2 Bb5 27. Rxc8 Rxc8 $11 {[%mdl 4096] Endgame KRB-KRB} 28. Rc1 Rd8 29. Rc7 a6 30. Re7+ Kf5 31. Rf7 Rc8 32. Rf8 Rc7 33. Rd8 (33. g3 $11 {keeps the balance.}) 33... Bc4 34. Rd6 Bxa2 35. Rxa6 Bc4 {The position is equal.} 36. Rb6 Bf1 37. Bd6 Rh7 38. g3 g4 39. f4 Rd7 40. Bc5 Rc7 41. b4 Bc4 42. fxe5 fxe5 43. Rh6 Kg5 44. Re6 Kf5 45. Rh6 {Precision: White = 47%, Black = 50%.} 1/2-1/2

[Event "Budapest Spring Festival 2018"]
[Site "Budapest"]
[Date "2018.04.24"]
[Round "7"]
[White "Nitin, S."]
[Black "Astaneh Lopez, Alex"]
[Result "1-0"]
[WhiteElo "2408"]
[BlackElo "2442"]
[Annotator "TA"]
[PlyCount "93"]
[EventDate "2018.??.??"]
[EventType "swiss"]
[EventCountry "HUN"]
[SourceTitle "playchess.com"]
[Source "ChessBase"]
[SourceQuality "1"]

{[%evp 18,93,5,0,0,0,2,0,15,0,0,0,0,0,56,56,70,77,85,67,70,70,89,52,37,47,56,12,52,22,139,147,142,147,138,55,162,162,145,25,188,168,143,126,159,149,284,55,72,25,25,20,88,93,258,40,62,39,119,97,104,103,132,106,147,144,391,110,604,570,683,683,661,654,802,796,29997,29998]} 1. e4 e5 2. Nf3 Nc6 3. Bb5 Nf6 4. Nc3 Nd4 5. O-O Nxb5 6. Nxb5 c6 7. Nc3 d6 8. d4 Qc7 9. Bg5 {C48: Four Knights: 4 Bb5, replies other than 4...Bb4} (9. h3 Be7 10. a4 O-O 11. Re1 Re8 12. b3 Bf8 13. Bb2 b6 14. Qd2 Bb7 15. Rad1 Rad8 16. Qg5 h6 17. Qc1 a6 18. dxe5 dxe5 {½-½ (54) Nepomniachtchi,I (2729)-Ding,L (2777) Riadh 2017}) 9... Be7 10. h3 {LiveBook: 12 Games} b5 11. a3 {The position is equal.} O-O 12. Re1 Rb8 13. Qd3 $146 ({Predecessor:} 13. d5 c5 14. Qd3 Bd7 15. Nd1 Rfe8 16. c3 Qc8 {0-1 (54) Dimitrov,D (1986)-Erwich,F (2353) Veliko Tarnovo 2013}) 13... h6 14. Bxf6 Bxf6 15. d5 c5 (15... Bb7 $11) 16. Nxb5 $14 c4 17. Nxc7 cxd3 18. cxd3 Bd8 19. Rec1 Rxb2 20. Ne8 Rxe8 21. Rxc8 Kf8 22. Rc6 Ke7 23. d4 f6 (23... exd4 $1 $11 24. Nxd4 g6) 24. dxe5 $16 fxe5 25. Nh4 $1 $36 {[%cal Rh4f5][%mdl 2048] Threatens to win with Nf5+. White has strong initiative.} g6 26. Rac1 ({White should play} 26. Nxg6+ $16 Kd7 27. Rc3) 26... Re2 ({Better is} 26... Kd7 $14) 27. Nxg6+ $18 Kd7 28. f4 (28. R1c3 $16 {Hoping for Rb3.} Rg8 29. Rg3) 28... Rg8 $2 (28... Bb6+ $11 29. Kh2 exf4) 29. f5 Rxe4 30. R6c4 Re2 31. Rg4 {aiming for Nxe5+!} Bg5 (31... Re8 $16) 32. Rf1 $2 (32. Rb1 $1 $18) 32... Ke8 $1 $14 33. Rb1 {Rb7 is the strong threat.} Kf7 $1 34. Kf1 Rc2 (34... Rd2 $11) 35. h4 $1 $16 {[%cal Rh4g5]} Bd8 $2 {[#]} (35... Rc1+ $16 {was worth a try.} 36. Rxc1 Bxc1) 36. Rb7+ $2 (36. Nxe5+ $1 $18 {[%mdl 512]} dxe5 37. Rxg8 Kxg8 38. Rb8) 36... Kf6 $1 $14 37. Nxe5 $1 Re8 (37... Rc1+ $14 38. Ke2 (38. Kf2 Rxg4 39. Nxg4+ Kxf5 $16) 38... Re8) 38. Nd7+ Kxf5 39. Rbb4 {[%csl Gg4][%cal Rb4f4]} Rc1+ 40. Kf2 {[%csl Gg4][%cal Rb4f4]} Rc2+ 41. Kg3 {[%csl Gg3,Gg4][%cal Rb4f4]} Re3+ 42. Kh2 {[%csl Gg4][%cal Rb4f4]} Rf2 $2 {[%mdl 8192]} (42... Rf3 $16) 43. Kg1 Re7 44. Kxf2 {[%csl Gg4][%cal Rb4f4]} Rxd7 45. Rbe4 Bb6+ 46. Kf3 {White threatens Re6 and mate.} Bc5 47. Re6 {Precision: White = 54%, Black = 32%.} 1-0

[Event "Budapest Spring Festival 2018"]
[Site "Budapest"]
[Date "2018.04.24"]
[Round "7"]
[White "Beshukov, Sergei"]
[Black "Antal, Gergely"]
[Result "1-0"]
[WhiteElo "2389"]
[BlackElo "2534"]
[Annotator "TA"]
[PlyCount "115"]
[EventDate "2018.??.??"]
[EventType "swiss"]
[EventCountry "HUN"]
[SourceTitle "playchess.com"]
[Source "ChessBase"]
[SourceQuality "1"]

{[%evp 15,115,-18,14,10,-3,-5,29,27,26,27,29,37,39,31,31,31,36,37,28,-12,18,5,6,6,0,0,0,0,0,0,0,0,0,0,0,0,0,0,25,22,85,87,112,97,97,97,97,97,149,149,155,153,151,150,156,156,156,148,156,156,156,156,156,148,156,155,154,149,150,148,166,172,190,190,197,190,190,190,256,250,202,193,516,503,510,472,696,600,4133,4133,4125,4129,29958,29958,29965,29970,29984,29985,29985,29986,29986,29971]} 1. Nf3 d5 2. g3 g6 3. Bg2 Bg7 4. d4 Nf6 5. O-O c6 6. c4 dxc4 {D73: Fianchetto Grünfeld: 5 Nf3} (6... O-O 7. Nbd2 Bf5 8. b3 Nbd7 9. Bb2 a5 10. a3 Qb8 11. Rc1 Rd8 12. e3 Ne4 13. Qe2 Nxd2 14. Nxd2 Nf6 15. h3 Be6 16. Rfd1 h5 {1-0 (62) Howell,D (2676)-Motylev,A (2675) London 2017}) 7. Ne5 Ng4 8. Nf3 Nd7 {LiveBook: 3 Games. The position is equal.} 9. h3 Ngf6 10. Qc2 $146 ({Predecessor:} 10. a4 a5 11. Na3 Nb6 12. Ne5 Be6 13. e3 Qc8 14. Kh2 {0-1 (31) Nadal Fajardo,R (1900)-Tahay,R (1942) Barcelona 2016}) 10... Nb6 11. e4 O-O 12. a4 a5 13. Na3 Ne8 14. Nxc4 Nxc4 15. Qxc4 Be6 16. Qc3 Nc7 17. Bd2 Na6 18. Qxa5 Qxa5 19. Bxa5 Nc5 $1 20. dxc5 Rxa5 21. b4 Bxa1 22. bxa5 Bc3 23. Rb1 Ra8 24. Rxb7 Rxa5 25. Rxe7 Rxc5 26. Rc7 h6 27. Bf1 Bb3 (27... Bg7 $11 {remains equal.}) 28. Bb5 $1 $16 f5 29. Rxc6 Rxc6 30. Bxc6 {aiming for Bd5+.} fxe4 31. Bxe4 Bxa4 (31... g5 $142) 32. Bxg6 {[%mdl 4096] Endgame KBB-KBN} Bc6 33. Nh4 Kg7 34. Bh5 Be4 35. Bf3 Bb1 36. Ng2 Be5 37. Ne3 Bd4 38. Kg2 Bg6 39. Nd5 Bf7 40. Nf4 Be5 41. Nd3 Bd6 42. Be4 Bb3 43. f4 Kf6 44. Nf2 Be6 45. Kf3 Bc5 46. g4 Bb3 (46... Kg7 $142 47. Nd1 Kg8) 47. h4 $18 {[%cal Bh3h4,Bh4g5][%mdl 32]} Kg7 48. g5 hxg5 $2 {[#]} (48... Bf7 {is more resistant.} 49. Kg3 Bh5) 49. hxg5 Bb4 50. Kg4 Bd2 (50... Kf7 $142 51. f5 Bc3) 51. f5 {[%cal Bf4f5,Bf5f6][%mdl 32]} Be3 52. Nh3 Bd1+ 53. Bf3 Ba4 54. f6+ {White mates.} Kf8 55. g6 Bd7+ 56. Kh5 Be8 57. Ng5 Kg8 58. Kh6 {Precision: White = 86%, Black = 39%.} 1-0

[Event "Budapest Spring Festival 2018"]
[Site "Budapest"]
[Date "2018.04.24"]
[Round "7"]
[White "Szeberenyi, Adam"]
[Black "Torma, Robert"]
[Result "1/2-1/2"]
[WhiteElo "2366"]
[BlackElo "2473"]
[Annotator "TA"]
[PlyCount "53"]
[EventDate "2018.??.??"]
[EventType "swiss"]
[EventCountry "HUN"]
[SourceTitle "playchess.com"]
[Source "ChessBase"]
[SourceQuality "1"]

{[%evp 19,53,62,66,29,32,20,23,6,14,9,12,20,13,17,21,0,0,0,0,0,-15,-69,-72,-83,-80,-73,0,0,0,0,0,0,0,0,0,3]} 1. d4 Nf6 2. Nf3 d5 3. Bf4 g6 4. c4 Bg7 5. Nc3 O-O 6. Rc1 c6 7. e3 dxc4 8. Bxc4 Nbd7 9. O-O Nb6 {D93: Grünfeld: 4 Nf3 Bg7 5 Bf4 0-0 6 e3} (9... Nh5 10. Bg5 h6 11. Bh4 Nb6 12. Bb3 Nd5 13. Nxd5 cxd5 14. Ne5 Be6 15. f4 Nf6 16. g4 Bc8 17. Qf3 {1-0 (48) Shevchenko,K (2502)-Papp,G (2598) Benasque 2017}) 10. Bb3 Nbd5 {LiveBook: 4 Games} 11. Nxd5 Nxd5 {White has an edge.} 12. Be5 Bg4 13. Bxg7 $146 ({Predecessor:} 13. h3 Bxf3 14. Qxf3 Bxe5 15. dxe5 {1-0 (45) Schwenk,H (2147)-Ferreira,J (2188) ICCF email 2011}) 13... Kxg7 14. h3 Bxf3 15. Qxf3 Nf6 {[%cal Bd5f6,Bf6d7,Bd7e5,Be5c6][%mdl 32]} 16. Rfd1 Qb6 17. e4 Rad8 18. d5 cxd5 19. e5 Nd7 20. Rxd5 (20. Qxd5 $11 Nb8 21. Qf3) 20... e6 $15 21. Rdd1 Nxe5 22. Qc3 {[#]} Rxd1+ (22... Kf6 $1 $17) 23. Rxd1 $11 {The position is equal.} f6 24. Qd4 $1 Qxd4 25. Rxd4 Nc6 26. Rd7+ Rf7 27. Rd6 {Precision: White = 56%, Black = 96%.} 1/2-1/2

[Event "Budapest Spring Festival 2018"]
[Site "Budapest"]
[Date "2018.04.24"]
[Round "7"]
[White "Apaydin, Fethi"]
[Black "Horvath, Adam"]
[Result "1-0"]
[WhiteElo "2337"]
[BlackElo "2486"]
[Annotator "TA"]
[PlyCount "75"]
[EventDate "2018.??.??"]
[EventType "swiss"]
[EventCountry "HUN"]
[SourceTitle "playchess.com"]
[Source "ChessBase"]
[SourceQuality "1"]

{[%evp 22,75,-23,-23,-14,-34,-12,-24,-26,-28,-20,-43,-29,-64,-26,-33,-18,-25,-24,-20,12,-45,-28,-20,0,0,0,0,0,0,0,0,43,44,66,48,156,104,122,-117,0,0,0,0,0,0,0,0,0,0,1377,1356,1357,1325,1348,1314]} 1. e4 c5 2. Nc3 Nc6 3. g3 g6 4. Bg2 Bg7 5. d3 d6 6. f4 e6 7. Nf3 Nge7 8. O-O O-O 9. Be3 b6 10. Bf2 Ba6 11. Qd2 {B25: Closed Sicilian: 3 g3, lines without early Be3} Qd7 12. Rae1 {LiveBook: 3 Games} Rae8 13. e5 $146 {The position is equal.} ({Predecessor:} 13. g4 f5 14. exf5 exf5 15. g5 d5 16. Ne5 Nxe5 17. fxe5 d4 18. e6 Qd6 {0-1 (35) Starostits,I (2497)-Almeida Quintana,O (2524) Oviedo 2008}) 13... dxe5 14. fxe5 Qc7 {[%cal Rc6e5]} 15. Qf4 Nd5 16. Qe4 Ndb4 17. Re2 Rd8 18. Rd1 Rfe8 19. a3 Nd5 20. Rde1 Nce7 21. Qh4 (21. Nxd5 $11 exd5 22. Qf4) 21... Nxc3 $15 22. bxc3 c4 23. d4 $1 Bb7 24. Nd2 Bxg2 25. Kxg2 Nd5 26. Ne4 Qc6 27. Kg1 Qa4 28. Be3 Qxa3 (28... Nxe3 $14 29. Rxe3 Qxc2) 29. Bg5 ({White should play} 29. Bc1 Qf8 30. Rf2) 29... Rd7 $16 30. Nf6+ $2 (30. g4 $16 {and life is bright.}) 30... Nxf6 (30... Bxf6 $1 $17 31. Bxf6 h5) 31. exf6 $11 Bf8 32. Re3 $1 {[%cal Be2e3,Be3h3,Bh3g3][%mdl 32] Threatening g4.} Rd5 33. g4 $1 Qa5 34. Bh6 {[%cal Bg5h6,Bh6f4,Bf4c7][%mdl 32] aiming for Bxf8.} Bd6 $1 35. Rh3 Bc7 $2 {[%mdl 8192] [#]} ({Stronger than} 35... g5 {[#]} 36. Bxg5 $1 {[%mdl 512]} Bxh2+ 37. Rxh2 Rxg5 38. Qxh7+ Kf8 39. Qh6+ Kg8 40. Qh8#) (35... Rd8 $11) 36. Bf4 $1 $18 {[%mdl 512] White is clearly winning.} h5 (36... Bxf4 37. Qxh7+) 37. Bxc7 Rg5 38. Rg3 {Precision: White = 49%, Black = 51%.} 1-0

[Event "Budapest Spring Festival 2018"]
[Site "Budapest"]
[Date "2018.04.24"]
[Round "7"]
[White "Sarkar, Justin"]
[Black "Costachi, Mihnea"]
[Result "1/2-1/2"]
[WhiteElo "2326"]
[BlackElo "2462"]
[Annotator "TA"]
[PlyCount "75"]
[EventDate "2018.??.??"]
[EventType "swiss"]
[EventCountry "HUN"]
[SourceTitle "playchess.com"]
[Source "ChessBase"]
[SourceQuality "1"]

{[%evp 11,75,-16,0,0,13,35,27,27,31,16,33,21,31,29,44,35,40,23,51,57,59,52,58,35,51,45,116,117,150,137,198,50,108,0,69,85,92,65,202,80,115,13,102,93,85,83,103,96,112,98,125,71,68,73,68,13,16,9,21,0,0,0,0,0,0,0]} 1. e4 e5 2. Bc4 Nf6 3. d3 Bc5 4. Nc3 d6 5. f4 Nc6 6. f5 Nd4 {LiveBook: 5 Games. C27: Vienna Game: 2...Nf6 3 Bc4 Nxe4} (6... Na5 {with more complications.} 7. Bb3 c6 8. Nf3 b5 9. Qe2 O-O) 7. Nf3 c6 8. Nxd4 (8. Bg5 h6 9. Bh4 b5 10. Bb3 a5 11. Nxd4 exd4 12. e5 dxe5 13. Bxf6 gxf6 14. Ne4 {0-1 (42) Triapishko,O (2508)-Mamedyarov,S (2791) Sochi 2017}) 8... Bxd4 {White is slightly better.} 9. Qf3 h6 10. Ne2 Bc5 $146 ({Predecessor:} 10... Bb6 11. Bd2 Bd7 12. Bb3 Qe7 13. g4 d5 14. h4 dxe4 15. dxe4 {½-½ (34) Schmidt,D (2063)-Degro,H (2050) Germany 2013}) 11. Bb3 b5 12. Bd2 a5 13. a4 Bb7 14. g4 {[%cal Bg2g4,Bg4g5][%mdl 32]} Qc7 15. Ng3 Bb6 16. h4 bxa4 17. Bxa4 O-O-O 18. g5 Nd7 {[#]} (18... hxg5 $14 19. hxg5 Nd7) 19. f6 $1 $16 {[%cal Rf6g7]} gxf6 20. gxh6 Nc5 (20... Kb8 $16) 21. Bb3 ({Don't take} 21. Qxf6 Nd7) (21. Rf1 $18) 21... d5 (21... Nxb3 $14 22. cxb3 Qe7) 22. O-O-O (22. Qxf6 $16 Nxb3 23. cxb3) 22... a4 (22... Nxb3+ $11 23. cxb3 Qe7) 23. Ba2 $14 a3 24. bxa3 Ne6 (24... Ba5 $14) 25. Nf5 (25. Qxf6 $18 {aiming for Nf5.} Bc5 26. Rdf1) 25... Bc5 26. Bb4 (26. Kb2 $16) 26... Qb6 (26... Kb8 $11) 27. Bxc5 Qxc5 {[#]} 28. d4 $1 {[%cal Rd4c5]} Nxd4 ({Wrong is} 28... dxe4 $2 29. dxc5 exf3 30. Nd6+ Rxd6 31. Rxd6 $18) 29. Nxd4 exd4 30. exd5 cxd5 31. Qxf6 ({White should play} 31. Rh3) 31... Qxa3+ $16 32. Kb1 Qd6 33. Qxd6 (33. Qxf7 $14 Rxh6 34. Qg7) 33... Rxd6 $11 {The position is equal.} 34. Rxd4 Rdxh6 35. Bxd5 Bxd5 36. Rxd5 {h5 is the strong threat.} Rxh4 37. Rxh4 Rxh4 38. Kb2 {Precision: White = 48%, Black = 19%.} 1/2-1/2

[Event "Budapest Spring Festival 2018"]
[Site "Budapest"]
[Date "2018.04.24"]
[Round "7"]
[White "Zentai, Peter"]
[Black "Bakalchuk, Johnatan"]
[Result "1/2-1/2"]
[WhiteElo "2304"]
[BlackElo "2410"]
[Annotator "TA"]
[PlyCount "162"]
[EventDate "2018.??.??"]
[EventType "swiss"]
[EventCountry "HUN"]
[SourceTitle "playchess.com"]
[Source "ChessBase"]
[SourceQuality "1"]

{[%evp 23,162,29,42,31,34,38,36,20,43,18,29,23,32,14,19,13,15,24,35,30,22,22,22,16,48,0,14,8,0,-14,-14,-31,0,-6,-8,-16,0,0,0,-11,0,-26,-10,-9,-6,-8,-10,-11,-16,-15,-20,-14,-16,-12,0,-14,-11,-15,-15,-16,-16,-23,-16,-27,0,0,0,-8,-8,-8,-8,-7,0,0,0,0,0,0,0,-65,-54,-65,-49,-37,-8,-8,-8,-8,-8,-8,-8,-8,-10,-10,0,-8,0,0,0,0,0,0,0,0,0,0,0,0,0,0,0,0,0,0,0,0,0,0,0,0,0,0,0,0,0,0,0,0,0,0,0,0,0,0,0,0,0,0,29960,5126,5118]} 1. d4 Nf6 2. c4 g6 3. Nc3 Bg7 4. e4 d6 5. Nf3 O-O 6. Be2 c5 7. O-O Re8 8. h3 {E91: King's Indian: Classical: 6 Be2, unusual replies including 6...c5 and 6...Bg4} (8. Be3 Ng4 9. Bg5 h6 10. Bc1 Nd7 11. h3 cxd4 12. Nxd4 Ngf6 13. Be3 b6 14. Qd2 h5 15. Bh6 Bb7 16. Bxg7 Kxg7 {½-½ (42) Giri,A (2764)-Carlsen,M (2851) Leuven 2017}) 8... cxd4 9. Nxd4 Nc6 10. Be3 Nxd4 11. Bxd4 Bd7 12. Qd2 Bc6 {LiveBook: 3 Games} 13. f3 a5 $146 ({Predecessor:} 13... Nd7 14. Bf2 a5 15. b3 Nc5 {1-0 (39) Vazquez,G (2430)-Andrenko,I (2146) Brownsville 2017}) 14. Rfd1 Nd7 15. Rac1 a4 16. Bxg7 Kxg7 17. Qd4+ e5 18. Qe3 Nc5 19. Rd2 Qe7 20. Rcd1 Rad8 21. Bd3 Qe6 22. Rb1 Ra8 23. Be2 f5 24. Nd5 Bxd5 25. Rxd5 fxe4 26. fxe4 Qe7 27. Rc1 Rad8 28. b4 axb3 29. axb3 Qh4 30. Bf3 Ne6 31. b4 Rf8 32. Bg4 Nf4 33. Rb5 Rf7 34. Kh2 $132 {[%mdl 2048] [#] Hoping for g3. White puts up resistance} Qg5 35. Rc3 {Threatening g3.} h5 36. Bf3 $1 Ra8 37. Ra5 $1 {[%cal Ra5a8]} Raf8 38. c5 Rd8 39. cxd6 Rxd6 40. Rac5 Qf6 41. Rc7 Ne6 42. Rxf7+ Qxf7 43. b5 Qf6 44. Rc8 Rd7 45. Be2 Qf4+ 46. Qxf4 Nxf4 $11 {[%mdl 4096] Endgame KRB-KRN} 47. Bf3 Kf6 48. h4 Rd6 49. g3 Ne6 50. g4 Nd4 51. Kg2 (51. g5+ $11 Ke7 52. Bg2) 51... hxg4 $15 52. Bxg4 Rb6 53. Bd7 Nxb5 54. Bxb5 Rxb5 {KR-KR} 55. Kf3 Rb4 56. Rf8+ Ke7 57. Rg8 Kf7 58. Rb8 b6 59. Kg4 Rxe4+ 60. Kg5 Rb4 (60... Re1 $5 61. Rb7+ $8 Ke6 62. Rxb6+ Kd5 63. Rxg6 e4 $11) 61. Rb7+ Ke6 62. Rg7 e4 {[%cal Be5e4,Be4e3,Be3e2][%mdl 32] And now ...e3 would win.} 63. Rxg6+ Kd5 64. Kf4 Rb3 65. h5 Rf3+ 66. Kg4 Rf1 {Threatens to win with ...e3.} 67. Rxb6 e3 {aiming for ...e2.} 68. Rb2 Ke4 69. Kg5 Rf2 70. Rb1 e2 71. Re1 Ke5 {Strongly threatening ...Rg2+.} 72. h6 Rg2+ 73. Kh4 Kf4 {[%cal Rg2h2]} 74. Kh3 Rg6 75. Rxe2 Kf3 {[%cal Rg6h6]} 76. Kh4 Kxe2 77. Kh5 Rg1 78. h7 Kf3 79. Kh6 Kf4 80. h8=Q {Threatening mate with Qd4+.} Ke4 $2 {[%mdl 8192] [#]} (80... Rh1+ $11 81. Kg7 Rxh8 82. Kxh8) 81. Qh7+ Ke5 {[%mdl 32768] Precision: White = 71%, Black = 57%. . An unexpected result.} 1/2-1/2

[Event "Budapest Spring Festival 2018"]
[Site "Budapest"]
[Date "2018.04.24"]
[Round "7"]
[White "Ilic, Zoran S"]
[Black "Rakotomaharo, Fy Antenaina"]
[Result "1/2-1/2"]
[WhiteElo "2294"]
[BlackElo "2415"]
[Annotator "TA"]
[PlyCount "97"]
[EventDate "2018.??.??"]
[EventType "swiss"]
[EventCountry "HUN"]
[SourceTitle "playchess.com"]
[Source "ChessBase"]
[SourceQuality "1"]

{[%evp 14,97,14,19,145,134,134,141,137,127,174,162,171,145,140,110,112,113,98,96,122,95,100,92,130,114,115,112,108,96,107,27,30,38,31,32,38,17,20,16,19,0,0,0,-5,-6,0,0,39,0,0,0,0,0,0,6,20,26,22,0,19,0,9,10,5,0,0,0,0,0,0,0,0,0,6,6,6,6,6,6,6,6,9,9,12,4]} 1. d4 Nf6 2. Nf3 e6 3. c4 c5 4. d5 b5 5. Bg5 exd5 6. cxd5 d6 7. e3 {E10: Blumenfeld Gambit} a6 8. a4 {[%cal Ba2a4,Ba4b5,Bb5b6,Bb6b7][%mdl 32] LiveBook: 42 Games} h6 (8... b4 $11 {remains equal.}) (8... b4 9. Nbd2 Be7 10. Nc4 Bb7 11. Bxf6 Bxf6 12. a5 O-O 13. Bd3 Qe7 14. O-O Nd7 {0-1 (38) Delchev,A (2629)-Mamedyarov,S (2733) Porto Carras 2011}) 9. Bxf6 $1 $16 {White is clearly better.} Qxf6 10. axb5 Qxb2 11. Nbd2 Be7 $146 ({Predecessor:} 11... Bb7 12. Rb1 Qa3 13. Bc4 Be7 14. O-O O-O 15. bxa6 Bxa6 {1-0 (43) Di Nicolantonio,L (2300)-Deleva,M (2098) Vaujany 2013}) 12. Rb1 Qc3 13. b6 Bf5 14. Rb3 Qa5 {[#]} 15. Be2 $1 {aiming for 0-0.} Nd7 16. b7 Rb8 17. O-O O-O 18. e4 Bg4 19. Qa1 Qxa1 20. Rxa1 {And now Nc4 would win.} c4 21. Bxc4 Nc5 22. Rb6 (22. Rab1 $16) 22... Rxb7 $11 23. Rxb7 Nxb7 24. Rxa6 {Hoping for Ra7.} Nc5 25. Ra5 Rb8 26. Ra2 Bf6 27. Rc2 Re8 28. Bb5 Re7 29. Rc4 Bh5 30. Ba4 g5 31. h3 Bxf3 32. gxf3 Ra7 33. Bc2 Ra1+ 34. Kg2 Ra2 35. Nf1 Be5 36. Ne3 {The position is equal.} Kg7 37. Ng4 Bf4 38. e5 h5 39. exd6 hxg4 40. Rxc5 gxh3+ 41. Kxh3 Bxd6 {[%mdl 4096] Endgame KRB-KRB} 42. Rc6 Bf4 43. Kg4 Rb2 44. Kf5 Rb4 45. Be4 Rd4 46. Rc2 Rd1 47. Ra2 Rd4 48. Ra3 Rb4 49. Rd3 {Precision: White = 66%, Black = 63%.} 1/2-1/2